L'opera completa de Leonardo pittore

Bibliographic Details
Main Authors: Pomilio, Mario, Della Chiesa, Angela Ottino
Format: Section = Libro
Language:Undetermined
Spanish
Published: Milano Rizzoli 1967
Subjects:
LEADER 00471nam a2200181Ia 4500
008 240829s9999 xx 000 0 und d
040 |a BIBLIOTECA-RUSB/ Ref 750 P786 
041 |a spa 
082 |a Ref 750 P786 
100 1 |a Pomilio, Mario  
100 1 |b  Della Chiesa, Angela Ottino 
245 1 0 |a L'opera completa de Leonardo pittore 
260 |a Milano  |b Rizzoli  |c 1967 
300 |a 119 p. :il. 
650 7 |a PINTURAS LEONARDO 
942 |c BK  |2 ddc 
991 |a TEXTO 
999 |c 6657